000 01345ctm a2200265 i 4500
003 SA-RiAUC
005 20251218131726.0
008 251208s1992 su f m 000 0 ara c
040 _aSA-JeALM
_bara
_cSA-RiAUC
_erda
082 0 4 _a251.224
090 _aر 251.224
_bم ي غ
100 1 _aميغا، جبريل بن المهدي بن علي
_eمؤلف.
245 1 2 _aالصحة والفساد عند الأصوليين وأثرهما في الفقه الإسلامي /
_cإعداد جبريل المهدي علي ؛ إشراف مختار بابا أدو.
264 0 _aمكة المكرمة :
_bجامعة أم القرم
_c1993
300 _a517 ورقة ؛
_c30 سم
336 _aنص
_btxt
_2rdacontent
_3أطروحة
337 _aبدون وسيط
_bn
_2rdamedia
338 _aمجلد
_bnc
_2rdacarrier
500 _aأطروحة (ماجستير)-جامعة أم القرى، كلية الشريعة، قسم الدراسات العليا الشرعية، 1413 هجري.
502 _aأطروحة (ماجستير)-جامعة أم القرى، كلية الشريعة، قسم الدراسات العليا الشرعية، 1413 هجري.
650 7 _aأصول الفقه الإسلامي
_2aucsh
700 _aأدو, محتار بابا .
_eإشراف
942 _2ddc
_cTHESES
_n0
949 _aSA-JeALM
_d251208
_umohamedma123
_n1
999 _c13586
_d13586